Statistics for Every Color Me Badd song that hit the Billboard hot 100

Click here to take the quiz!

General Stats

  • This quiz has been taken 2 times
  • The average score is 4 of 10

Answer Stats

Peak Chart PositionYearSong% Correct
11992All 4 Love
100%
11991I Adore Mi Amor
100%
21991I Wanna Sex You Up (From "New Jack City")
100%
151992Forever Love (From "Mo' Money")
50%
481998Remember When
50%
161992Thinkin' Back
0%
181992Slow Motion
0%
211996The Earth, The Sun, The Rain
0%
231993Time And Chance
0%
231994Choose
0%

Score Distribution

Percentile by Number Answered

Percent of People with Each Score

Your Score History

You have not taken this quiz